00565cam a2200205u 450000100060000000300080000600500170001400800390003103500190007004000240008904100080011308200180012110000180013924500540015726000310021130000210024261000290026365000200029265100470031225300BD-RjUL20211209050847.0140316s1947 pk 000 0 eng a(BD-RjUL)25369 aDLCcCarPdDLCbeng aeng a954bMEW 19471 aMehtar, M. A.10aWhys of the great Indian conflict /cM. A. Mehtar aLahore :bM. Ashraf,c1947 a226 p. ;c22 cm.20aAll-India Muslim League. 0aMuslimszIndia. 0aIndiaxPolitics and governmenty1919-1947.